[Event "Titled Tue 27th May Early"]
[Site "chess.com INT"]
[Date "2025.05.27"]
[Round "5"]
[White "Papacek, Stepan"]
[Black "Sarasketa Irastortza, Oier"]
[Result "1-0"]
[WhiteTitle "FM"]
[BlackTitle "CM"]
[WhiteElo "2225"]
[BlackElo "2190"]
[WhiteFideId "301035"]
[BlackFideId "54728207"]
[EventDate "2025.05.27"]

1. e4 e5 2. Nc3 Nc6 3. Nf3 Nf6 4. d4 exd4 5. Nxd4 Bb4 6. Nxc6 bxc6 7. Bd3 O-O 8.
O-O d5 9. exd5 cxd5 10. h3 c6 11. Qf3 Bd6 12. Re1 Rb8 13. b3 Bb4 14. Bd2 Qa5 15.
a3 Bd6 16. Re2 Qc7 17. Rae1 Be6 18. Bg5 Nd7 19. Qh5 g6 20. Qh6 Rfe8 21. Rxe6
Rxe6 22. Rxe6 fxe6 23. Bxg6 Ne5 24. Bh5 Nf7 25. Qxe6 Rf8 26. Bh6 Bh2+ 27. Kh1
Qe5 28. Bxf7+ Rxf7 29. Qc8+ 1-0

[Event "Titled Tue 27th May Early"]
[Site "chess.com INT"]
[Date "2025.05.27"]
[Round "5"]
[White "Sobek, Jaroslav"]
[Black "Dicen, Elis Denele"]
[Result "1-0"]
[WhiteTitle "FM"]
[BlackTitle "WFM"]
[WhiteElo "2195"]
[BlackElo "2135"]
[WhiteFideId "301388"]
[BlackFideId "462560"]
[EventDate "2025.05.27"]

1. d4 Nf6 2. c4 e6 3. Bf4 d5 4. e3 c5 5. Nf3 Nc6 6. Nc3 cxd4 7. exd4 dxc4 8.
Bxc4 Be7 9. O-O O-O 10. a3 b6 11. Qd3 Bb7 12. Rad1 Na5 13. Ba2 Rc8 14. Rfe1 Bd6
15. Bg5 h6 16. Bh4 Be7 17. Bb1 g6 18. Ne5 Rxc3 19. bxc3 Qd5 20. f3 Rd8 21. Nxf7
Kxf7 22. Qxg6+ Kf8 23. Bxf6 Bxf6 24. Qxf6+ Kg8 25. Rxe6 Qg5 26. Qxh6 Qxh6 27.
Rxh6 Nc4 28. Ba2 Bd5 29. Re1 b5 30. Re7 1-0

[Event "Titled Tue 27th May Early"]
[Site "chess.com INT"]
[Date "2025.05.27"]
[Round "5"]
[White "Nayak, Rajesh"]
[Black "Gubajdullin, Alexei"]
[Result "0-1"]
[WhiteTitle "FM"]
[BlackTitle "FM"]
[WhiteElo "2286"]
[BlackElo "2227"]
[WhiteFideId "35017152"]
[BlackFideId "4141202"]
[EventDate "2025.05.27"]

1. e4 c5 2. Nf3 d6 3. d4 cxd4 4. Nxd4 Nf6 5. Nc3 g6 6. Be3 Bg7 7. f3 h5 8. Qd2
a6 9. Bc4 b5 10. Bb3 Bb7 11. O-O-O Nbd7 12. Nd5 Rc8 13. Nxf6+ Nxf6 14. Kb1 Qc7
15. h3 h4 16. Bg5 Rh5 17. Ne2 a5 18. a4 bxa4 19. Bxa4+ Kf8 20. Be3 Rb8 21. Bd4
Bc6 22. Bxc6 Qxc6 23. Nf4 Rhb5 24. Nd3 a4 25. e5 Nd7 26. f4 dxe5 27. fxe5 Nxe5
28. Nxe5 Bxe5 29. Qh6+ Kg8 30. Bxe5 Rxe5 31. Qxh4 Reb5 32. Qd4 e5 33. Qxa4 Rxb2+ 0-1

[Event "Titled Tue 27th May Early"]
[Site "chess.com INT"]
[Date "2025.05.27"]
[Round "5"]
[White "Le, Quang Liem"]
[Black "Durarbayli, Vasif"]
[Result "0-1"]
[WhiteTitle "GM"]
[BlackTitle "GM"]
[WhiteElo "2729"]
[BlackElo "2612"]
[WhiteFideId "12401137"]
[BlackFideId "13402935"]
[EventDate "2025.05.27"]

1. Nf3 c5 2. c4 Nf6 3. Nc3 e6 4. g3 b6 5. Bg2 Bb7 6. O-O Be7 7. Re1 d5 8. cxd5
Nxd5 9. e4 Nb4 10. d4 cxd4 11. Nxd4 N8c6 12. Nxc6 Qxd1 13. Rxd1 Bxc6 14. a3 Nc2
15. Rb1 Rd8 16. Rxd8+ Kxd8 17. Bd2 Kc8 18. Rc1 Nd4 19. Be3 Nb3 20. Rc2 Kb7 21.
Nd5 Bc5 22. Nb4 Bxb4 23. axb4 Rd8 24. f3 Bb5 25. Kf2 e5 26. f4 f6 27. Bh3 Nd4
28. Rd2 Kc7 29. Rd1 Nc6 30. Rxd8 Kxd8 31. Bd2 Ke7 32. Bc3 Kd6 33. Ke3 Bc4 34.
Bf5 h6 35. Bc8 Ne7 36. h4 Nxc8 0-1

[Event "Titled Tue 27th May Early"]
[Site "chess.com INT"]
[Date "2025.05.27"]
[Round "5"]
[White "Shukhman, Anna"]
[Black "Saiz Rodriguez, Daniel Evelio"]
[Result "1-0"]
[WhiteTitle "WGM"]
[BlackTitle "FM"]
[WhiteElo "2413"]
[BlackElo "2187"]
[WhiteFideId "54180058"]
[BlackFideId "3523420"]
[EventDate "2025.05.27"]

1. e4 c5 2. Nf3 g6 3. c3 Bg7 4. d4 cxd4 5. cxd4 d5 6. e5 Bg4 7. Bb5+ Nc6 8. Nbd2
Rc8 9. O-O e6 10. h3 Bxf3 11. Nxf3 Ne7 12. Bf4 Qb6 13. a4 O-O 14. Qd2 Na5 15.
Ra3 a6 16. Be2 Nc4 17. Bxc4 dxc4 18. Bh6 Bxh6 19. Qxh6 Nf5 20. Qf4 Qxb2 21. Raa1
c3 22. g4 Ne7 23. Qh6 f6 24. exf6 Rxf6 25. Ng5 Rf7 26. Nxf7 Kxf7 27. Qxh7+ Ke8
28. Rab1 Qe2 29. Rxb7 Qf3 30. Qxe7# 1-0

[Event "Titled Tue 27th May Early"]
[Site "chess.com INT"]
[Date "2025.05.27"]
[Round "5"]
[White "Maslovskiy, Vladimir"]
[Black "Newansa, M Esandi"]
[Result "1-0"]
[WhiteTitle "FM"]
[BlackTitle "WCM"]
[WhiteElo "2370"]
[BlackElo "1947"]
[WhiteFideId "24273546"]
[BlackFideId "9999060"]
[EventDate "2025.05.27"]

1. e4 c6 2. d4 d5 3. exd5 cxd5 4. Bd3 Nc6 5. c3 Nf6 6. Bf4 Bg4 7. Qb3 Qc8 8. Nd2
e6 9. Ngf3 Be7 10. O-O O-O 11. h3 Bh5 12. Rfe1 Bg6 13. Bxg6 hxg6 14. Qb5 Qd7 15.
Qd3 Bd6 16. Bxd6 Qxd6 17. g3 Rfe8 18. Kg2 Nd7 19. Rad1 e5 20. dxe5 Ndxe5 21. Qb5
a6 22. Qb3 Nd3 23. Rxe8+ Rxe8 24. Nf1 Nxf2 25. Kxf2 Qc5+ 26. Nd4 Ne5 27. Ne3 b5
28. Qxd5 Qe7 29. Kg2 Rd8 30. Qe4 Qc7 31. Re1 Re8 32. Nd5 Qd6 33. Nf4 Re7 34. Qd5
Qf6 35. Qa8+ Kh7 36. Nd5 Qg5 37. Nxe7 Qd2+ 38. Re2 Qg5 39. Qe4 f6 40. Qh4+ Qxh4
41. gxh4 g5 42. hxg5 Kh8 43. gxf6 gxf6 44. Rxe5 fxe5 45. Ng6+ Kg7 46. Nxe5 Kf6
47. Nef3 Kg6 48. h4 1-0

[Event "Titled Tue 27th May Early"]
[Site "chess.com INT"]
[Date "2025.05.27"]
[Round "5"]
[White "Ollier, Pablo"]
[Black "May Sanchez, Andres Elias"]
[Result "0-1"]
[WhiteTitle "FM"]
[BlackTitle "CM"]
[WhiteElo "2284"]
[BlackElo "2209"]
[WhiteFideId "652318"]
[BlackFideId "5150973"]
[EventDate "2025.05.27"]

1. d4 Nf6 2. c4 c5 3. d5 d6 4. Nc3 g6 5. e4 Bg7 6. h3 O-O 7. Nf3 e6 8. Bd3 exd5
9. exd5 Re8+ 10. Be3 Rxe3+ 11. fxe3 Qe7 12. e4 Nbd7 13. O-O Nh5 14. Qe1 Ne5 15.
Be2 Nf4 16. Nxe5 Bxe5 17. Bf3 Qg5 18. Kh1 Nd3 19. Ne2 Nxe1 20. Raxe1 Bd7 21. b3
b5 22. Rb1 a5 23. Rfc1 Qh4 24. Kg1 b4 25. Rf1 a4 26. Nc1 Bd4+ 27. Kh1 Bxh3 0-1

[Event "Titled Tue 27th May Early"]
[Site "chess.com INT"]
[Date "2025.05.27"]
[Round "5"]
[White "Onyshchuk, Volodymyr"]
[Black "Xiong, Jeffery"]
[Result "1-0"]
[WhiteTitle "GM"]
[BlackTitle "GM"]
[WhiteElo "2602"]
[BlackElo "2636"]
[WhiteFideId "14114038"]
[BlackFideId "2047640"]
[EventDate "2025.05.27"]

1. Nf3 c5 2. Ng1 d5 3. g3 e5 4. Bg2 Nc6 5. d3 Be6 6. Nf3 f6 7. O-O Qd7 8. e4
dxe4 9. dxe4 O-O-O 10. Qxd7+ Rxd7 11. c3 c4 12. Be3 Nh6 13. h3 Nf7 14. Nbd2 g6
15. Rfd1 Bh6 16. Bxh6 Nxh6 17. Bf1 Rhd8 18. Kg2 Nf7 19. Be2 b5 20. a4 a6 21.
axb5 axb5 22. Ra8+ Kb7 23. Rxd8 Rxd8 24. Rb1 Nd6 25. b3 cxb3 26. Nxb3 Nxe4 27.
Bxb5 Nxc3 28. Bxc6+ Kxc6 29. Rc1 Rd3 30. Ne1 Bd5+ 31. Kf1 Rd1 32. Rxc3+ Kb5 33.
Nc1 Bc4+ 34. Ne2 Rd2 35. Re3 Kc5 36. Nf3 Rd1+ 37. Kg2 g5 38. Nh2 Bd5+ 39. f3 h5
40. Kf2 Rh1 41. Nf1 g4 42. fxg4 hxg4 43. h4 Bc4 44. Rc3 f5 45. Kg2 1-0

[Event "Titled Tue 27th May Early"]
[Site "chess.com INT"]
[Date "2025.05.27"]
[Round "5"]
[White "Mihajlovskij, Sergei"]
[Black "Lloret Ramis, Juan Jose"]
[Result "1-0"]
[BlackTitle "FM"]
[WhiteElo "2292"]
[BlackElo "2019"]
[WhiteFideId "13500805"]
[BlackFideId "2204053"]
[EventDate "2025.05.27"]

1. e4 c5 2. Nf3 e6 3. d4 cxd4 4. Nxd4 Nf6 5. Nc3 Bb4 6. e5 Nd5 7. Bd2 Nxc3 8.
bxc3 Be7 9. Bd3 d6 10. f4 Nd7 11. exd6 Bxd6 12. O-O O-O 13. Qh5 Nf6 14. Qh4 g6
15. Rf3 Nh5 16. Qf2 f5 17. Re1 Bc5 18. Bc4 Qb6 19. Be3 Nf6 20. Nxe6 Bxe3 21.
Rfxe3 Ng4 22. Nxf8+ Kg7 23. Re7+ 1-0

[Event "Titled Tue 27th May Early"]
[Site "chess.com INT"]
[Date "2025.05.27"]
[Round "5"]
[White "Sychev, Klementy"]
[Black "Korchynskyi, Mykola"]
[Result "1-0"]
[WhiteTitle "GM"]
[BlackTitle "FM"]
[WhiteElo "2542"]
[BlackElo "2325"]
[WhiteFideId "4114060"]
[BlackFideId "34138005"]
[EventDate "2025.05.27"]

1. e4 e6 2. d4 d5 3. e5 c5 4. c3 Qc7 5. Nf3 Ne7 6. Bd3 Nbc6 7. O-O cxd4 8. cxd4
Nf5 9. Bxf5 exf5 10. Nc3 Be6 11. Bf4 Be7 12. h4 O-O 13. Qd2 Rfc8 14. Nb5 Qb6 15.
Nd6 Bxd6 16. exd6 a5 17. h5 h6 18. Rac1 Kh7 19. a3 a4 20. Rfd1 Na5 21. Rxc8 Rxc8
22. Ne5 Nc4 23. Nxc4 Rxc4 24. Kh2 Qc6 25. Qe3 Rc2 26. Be5 Rxb2 27. Rc1 Rc2 28.
Qg3 g6 29. hxg6+ fxg6 30. Rxc2 Qxc2 31. Qh4 1-0

[Event "Titled Tue 27th May Early"]
[Site "chess.com INT"]
[Date "2025.05.27"]
[Round "5"]
[White "Arslanov, Shamil"]
[Black "Noy, Eyal"]
[Result "1-0"]
[WhiteTitle "IM"]
[BlackTitle "FM"]
[WhiteElo "2410"]
[BlackElo "2346"]
[WhiteFideId "4192826"]
[BlackFideId "2821117"]
[EventDate "2025.05.27"]

1. d4 Nf6 2. Nc3 d5 3. e4 Nxe4 4. Nxe4 dxe4 5. Bc4 Bf5 6. g4 Bc8 7. Qe2 Qxd4 8.
c3 Qd7 9. Be3 Qxg4 10. f3 Qh5 11. O-O-O e6 12. Qg2 Qg6 13. Qf2 Bd6 14. Ne2 Nc6
15. Rhg1 Qh5 16. Rg5 Qxf3 17. Qg1 Bd7 18. Rf1 Qh3 19. Rxg7 Bxh2 20. Rg8+ Rxg8
21. Qxg8+ Ke7 22. Bc5+ Bd6 23. Rxf7# 1-0

[Event "Titled Tue 27th May Early"]
[Site "chess.com INT"]
[Date "2025.05.27"]
[Round "5"]
[White "Ramsdal, Jens Albert"]
[Black "El Zein, Zayne-Eddine"]
[Result "0-1"]
[WhiteTitle "FM"]
[BlackTitle "CM"]
[WhiteElo "2351"]
[BlackElo "2146"]
[WhiteFideId "1429221"]
[BlackFideId "5313210"]
[EventDate "2025.05.27"]

1. e4 d6 2. d4 Nf6 3. Nc3 e5 4. dxe5 dxe5 5. Qxd8+ Kxd8 6. Bg5 Be6 7. O-O-O+ Nd7
8. Nf3 Kc8 9. Bxf6 gxf6 10. Nh4 Bc5 11. f3 c6 12. Nf5 Kc7 13. Rd3 a5 14. Be2
Rhg8 15. g3 a4 16. a3 Nb6 17. Rhd1 Rg5 18. g4 Rgg8 19. Kb1 Nc4 20. Na2 Ra6 21.
Nb4 Rb6 22. Rc3 Bxb4 23. axb4 Rxb4 24. Bxc4 Rxc4 25. Rxc4 Bxc4 26. Rd2 h5 27.
gxh5 Rg1+ 0-1

[Event "Titled Tue 27th May Early"]
[Site "chess.com INT"]
[Date "2025.05.27"]
[Round "5"]
[White "Madhesh Kumar S"]
[Black "Rustamov, Rustam"]
[Result "0-1"]
[WhiteTitle "CM"]
[BlackTitle "FM"]
[WhiteElo "2243"]
[BlackElo "2323"]
[WhiteFideId "25168649"]
[BlackFideId "13440110"]
[EventDate "2025.05.27"]

1. e4 c5 2. Nf3 d6 3. d4 cxd4 4. Nxd4 Nf6 5. Nc3 e5 6. Nb3 Be7 7. Be2 Be6 8. Be3
O-O 9. O-O a5 10. a4 Nc6 11. f3 Nb4 12. Nb5 d5 13. c3 Nc6 14. exd5 Nxd5 15. Bf2
Nf4 16. Nc5 Qxd1 17. Bxd1 Bxc5 18. Bxc5 Rfd8 19. b3 Rd2 20. Rf2 Rad8 21. Rxd2
Rxd2 22. Bf2 h5 23. Kf1 h4 24. Na3 h3 25. g3 Nd3 26. Bg1 Nb2 27. Bc2 Bd5 28. Rb1
Nd3 29. Rd1 Rxd1+ 30. Bxd1 Nb2 31. Bc2 Bxf3 32. Be3 e4 33. Kf2 Ne5 34. b4 Ng4+
35. Kf1 Nxe3+ 36. Kg1 Nxc2 37. Nxc2 axb4 38. cxb4 Nxa4 39. Nd4 Bg4 40. Kf2 f5
41. Ke3 g5 42. Ne6 f4+ 43. gxf4 Bxe6 0-1

[Event "Titled Tue 27th May Early"]
[Site "chess.com INT"]
[Date "2025.05.27"]
[Round "5"]
[White "Kislinsky, Alexey"]
[Black "Sabatier, Mathis"]
[Result "1-0"]
[WhiteTitle "GM"]
[BlackTitle "CM"]
[WhiteElo "2350"]
[BlackElo "2235"]
[WhiteFideId "14108801"]
[BlackFideId "26029685"]
[EventDate "2025.05.27"]

1. d4 d5 2. c4 dxc4 3. Nf3 Nf6 4. e3 a6 5. Bxc4 b5 6. Bd3 Bb7 7. O-O e6 8. Qe2
Nbd7 9. a4 b4 10. Nbd2 c5 11. b3 Be7 12. Bb2 O-O 13. Rac1 cxd4 14. Nxd4 Nc5 15.
Bc4 Nd5 16. N2f3 Bf6 17. Rfd1 Qe7 18. e4 Nf4 19. Qe3 Bg5 20. Nxg5 Qxg5 21. Qg3
Nxe4 22. Qxg5 Nxg5 23. f3 Rfd8 24. h4 e5 25. Nf5 Nge6 26. Bxe5 Ng6 27. Bd6 Rac8
28. h5 Ngf4 29. Ne7+ Kh8 30. Nxc8 Rxc8 31. Bxb4 h6 32. Bf1 Ng5 33. Rxc8+ Bxc8
34. Rd8+ 1-0

[Event "Titled Tue 27th May Early"]
[Site "chess.com INT"]
[Date "2025.05.27"]
[Round "5"]
[White "Aaradhya Das"]
[Black "Gunawardhana, Devindya Oshini"]
[Result "1-0"]
[WhiteTitle "WCM"]
[BlackTitle "WIM"]
[WhiteElo "1837"]
[BlackElo "2068"]
[WhiteFideId "33361436"]
[BlackFideId "29941482"]
[EventDate "2025.05.27"]

1. d4 d5 2. Nf3 Nf6 3. Bf4 e6 4. e3 Bd6 5. Bg3 O-O 6. Bd3 c5 7. c3 Qc7 8. Nbd2
Nbd7 9. O-O e5 10. dxe5 Nxe5 11. Nxe5 Bxe5 12. Qc2 Bxg3 13. hxg3 h6 14. c4 Be6
15. b3 Rfd8 16. Rad1 Qe7 17. Rfe1 Rac8 18. e4 dxc4 19. Bxc4 Bg4 20. f3 Be6 21.
e5 Nd5 22. Ne4 Nb4 23. Qe2 Bxc4 24. Qxc4 b6 25. Nd6 Rb8 26. e6 Rxd6 27. exf7+
Kf8 28. Rxe7 Rxd1+ 29. Kh2 Kxe7 30. Qe2+ Kxf7 31. Qxd1 Re8 32. Qd7+ Re7 33. Qf5+
Kg8 34. a3 Na6 35. Qc8+ Kf7 36. Qxa6 g6 37. b4 cxb4 38. axb4 h5 39. b5 Kg7 40.
Qa1+ Kf7 41. g4 hxg4 42. fxg4 Kg8 43. g5 Rf7 44. Qe5 Kh7 45. Kg3 Kg8 46. Qe6 Kg7
47. Kg4 Kf8 48. Qxg6 1-0

[Event "Titled Tue 27th May Early"]
[Site "chess.com INT"]
[Date "2025.05.27"]
[Round "5"]
[White "Khodashenas, Mersad"]
[Black "Bortnyk, Olexandr"]
[Result "0-1"]
[WhiteTitle "IM"]
[BlackTitle "GM"]
[WhiteElo "2471"]
[BlackElo "2601"]
[WhiteFideId "12514195"]
[BlackFideId "14120828"]
[EventDate "2025.05.27"]

1. e4 Nf6 2. e5 Nd5 3. c4 Nb6 4. d4 d6 5. exd6 exd6 6. Nc3 Be7 7. Nf3 O-O 8. h3
Nc6 9. Bd3 Nb4 10. O-O Nxd3 11. Qxd3 Be6 12. d5 Bd7 13. Be3 Na4 14. Bd4 Nxb2 15.
Qe2 Na4 16. Nxa4 Bxa4 17. Qb2 Bf6 18. Qxb7 Bxd4 19. Nxd4 Qh4 20. Qb2 Bd7 21.
Rfe1 Rfe8 22. Qc3 h6 23. Kf1 Qf4 24. Kg1 Rab8 25. Nf3 Re4 26. Rxe4 Qxe4 27. Re1
Rb1 28. Kh2 Rxe1 29. Nxe1 Qe2 30. Nd3 Bf5 31. Nb4 Qxf2 32. Nc6 Be4 33. Qg3 Qxa2
34. Qe3 Qxg2# 0-1

[Event "Titled Tue 27th May Early"]
[Site "chess.com INT"]
[Date "2025.05.27"]
[Round "5"]
[White "Vaganian, Rafael A"]
[Black "Melikhov, Evgeny V."]
[Result "1-0"]
[WhiteTitle "GM"]
[BlackTitle "FM"]
[WhiteElo "2449"]
[BlackElo "2154"]
[WhiteFideId "13300016"]
[BlackFideId "4122046"]
[EventDate "2025.05.27"]

1. d4 Nf6 2. Nf3 d5 3. c4 e6 4. Nc3 Bb4 5. Bg5 h6 6. Bxf6 Qxf6 7. Qa4+ Nc6 8. e3
O-O 9. Be2 a6 10. Qb3 dxc4 11. Qxc4 Bd6 12. O-O e5 13. d5 Ne7 14. Ne4 Qg6 15.
Nh4 Qh7 16. Nxd6 cxd6 17. Qc7 Nxd5 18. Qxd6 Be6 19. Qxe5 Rac8 20. Rfd1 Nf6 21.
Bd3 Qh8 22. Ng6 fxg6 23. Qxe6+ Kh7 24. Qe7 b5 25. Qb7 Ra8 26. Rac1 Rfb8 27. Qc7
Qd8 28. Bxg6+ Kxg6 29. Rxd8 Rxd8 30. h3 Rd2 31. Rc2 Rd1+ 32. Kh2 Rad8 33. Qc6
R8d6 34. Qf3 Ra1 35. Rc7 Rd5 36. e4 Rg5 37. Qd3 Re5 38. f4 Rxe4 39. Qg3+ Kf5 40.
Rc5+ Ke6 41. f5+ Kf7 42. Rc7+ Re7 43. Rxe7+ Kxe7 44. Qxg7+ 1-0

[Event "Titled Tue 27th May Early"]
[Site "chess.com INT"]
[Date "2025.05.27"]
[Round "5"]
[White "Mikhailova, Irina"]
[Black "Skliarov, Viktor"]
[Result "1/2-1/2"]
[WhiteTitle "WGM"]
[BlackTitle "IM"]
[WhiteElo "2143"]
[BlackElo "2334"]
[WhiteFideId "4109040"]
[BlackFideId "14106736"]
[EventDate "2025.05.27"]

1. d4 Nf6 2. Nf3 g6 3. c4 Bg7 4. Nc3 O-O 5. e4 d6 6. Be2 Bg4 7. Be3 Nfd7 8. O-O
Nc6 9. d5 Na5 10. Nd4 Bxe2 11. Qxe2 c5 12. dxc6 Nxc6 13. Rfd1 Nxd4 14. Bxd4 Bxd4
15. Rxd4 Qb6 16. Rdd1 Rfc8 17. Rac1 Nf6 18. b3 a5 19. Nd5 Nxd5 20. exd5 Rc7 21.
Rd3 a4 22. Re3 axb3 23. axb3 Ra3 24. Rxe7 Rxe7 25. Qxe7 Rxb3 26. h4 Rb1 27. Rxb1
Qxb1+ 28. Kh2 Qb4 29. h5 gxh5 30. Qg5+ Kf8 31. Qd8+ Kg7 32. Qg5+ Kf8 33. Qd8+
Kg7 34. Qg5+ Kf8 1/2-1/2

[Event "Titled Tue 27th May Early"]
[Site "chess.com INT"]
[Date "2025.05.27"]
[Round "5"]
[White "Sadey, Rinoa Mariel"]
[Black "Alvarez Leon, Luis"]
[Result "1-0"]
[BlackTitle "FM"]
[WhiteElo "1760"]
[BlackElo "2178"]
[WhiteFideId "5255945"]
[BlackFideId "3600351"]
[EventDate "2025.05.27"]

1. d4 Nf6 2. Nf3 g6 3. c4 Bg7 4. Nc3 O-O 5. e4 d6 6. Be2 Na6 7. Be3 e5 8. O-O c6
9. dxe5 dxe5 10. Qxd8 Rxd8 11. Rfd1 Re8 12. c5 Nc7 13. Nd2 Ne6 14. Nc4 Nf4 15.
Bf3 Bg4 16. Nd6 Re7 17. Rd2 Bxf3 18. gxf3 h5 19. h4 Ne6 20. Rad1 Kh7 21. b4 Bh6
22. Bxh6 Kxh6 23. a4 Nd4 24. Kg2 a5 25. b5 Rc7 26. b6 Re7 27. Nb1 Ne6 28. Rc1
Rb8 29. Na3 Nd7 30. Nac4 f6 31. Nxa5 Ndxc5 32. Rc4 Kg7 33. Rdc2 Nd7 34. Rb2 Ndc5
35. Rbc2 Na6 36. Naxb7 Rbxb7 37. Nxb7 Rxb7 38. Rxc6 Kf7 39. a5 Ke7 40. R2c4 Kd7
41. Rc8 Nd4 42. Rh8 Kd6 43. Rd8+ Ke7 44. Rg8 Kf7 45. Rh8 Kg7 46. Ra8 Nb8 47.
Rc7+ Rxc7 48. bxc7 1-0

[Event "Titled Tue 27th May Early"]
[Site "chess.com INT"]
[Date "2025.05.27"]
[Round "5"]
[White "Tsyhanchuk, Stanislav"]
[Black "Gustafsson, Jan"]
[Result "1-0"]
[WhiteTitle "IM"]
[BlackTitle "GM"]
[WhiteElo "2273"]
[BlackElo "2591"]
[WhiteFideId "13505130"]
[BlackFideId "4625498"]
[EventDate "2025.05.27"]

1. d4 d5 2. c4 c5 3. cxd5 Qxd5 4. Nf3 cxd4 5. Nc3 Qa5 6. Nxd4 Nf6 7. g3 e5 8.
Nb3 Qc7 9. Bg2 Bb4 10. Bd2 O-O 11. O-O Nc6 12. a3 Bxc3 13. Bxc3 Rd8 14. Qe1 Be6
15. Na5 Bd5 16. e4 Be6 17. Nxc6 bxc6 18. Qe2 Nd7 19. f4 f6 20. Rad1 Nb6 21. fxe5
Bc4 22. Qc2 Bxf1 23. Rxf1 fxe5 24. Qb3+ Kh8 25. Qe6 Re8 26. Bxe5 Qe7 27. Qxe7
Rxe7 28. Bd6 Rb7 29. e5 Nd5 30. e6 Rd8 31. Bxd5 h6 32. Bxc6 1-0

[Event "Titled Tue 27th May Early"]
[Site "chess.com INT"]
[Date "2025.05.27"]
[Round "5"]
[White "Sagalchik, Gennadij"]
[Black "Eames, Robert S"]
[Result "1-0"]
[WhiteTitle "GM"]
[BlackTitle "FM"]
[WhiteElo "2434"]
[BlackElo "2136"]
[WhiteFideId "2007916"]
[BlackFideId "408743"]
[EventDate "2025.05.27"]

1. e4 c5 2. Nf3 Nc6 3. g3 g6 4. Bg2 Bg7 5. O-O e6 6. c3 Nge7 7. d4 cxd4 8. cxd4
d5 9. Nc3 dxe4 10. Nxe4 h6 11. Bf4 O-O 12. Be5 Nf5 13. Bxg7 Kxg7 14. Qd3 Nfxd4
15. Rfd1 Nxf3+ 16. Qxf3 Qe7 17. Qc3+ f6 18. Nc5 e5 19. Rd2 Nd4 20. Re1 Qf7 21.
f4 Bf5 22. fxe5 fxe5 23. Rxe5 Nb5 24. Rxf5+ Nxc3 25. Rxf7+ Rxf7 26. bxc3 Rc8 27.
Ne6+ Kf6 28. Nf4 Kg7 29. Bd5 Rf6 30. c4 b5 31. cxb5 Rc1+ 32. Kg2 Rb1 33. a4 h5
34. Rc2 Rb4 35. Rc7+ Kh6 36. Rxa7 Rb2+ 37. Kf3 g5 38. Ra6 Rxa6 39. bxa6 Rb6 40.
a7 Ra6 41. a8=Q 1-0

[Event "Titled Tue 27th May Early"]
[Site "chess.com INT"]
[Date "2025.05.27"]
[Round "5"]
[White "Dambaev, Dashi"]
[Black "Tursunalieva, Nurelina"]
[Result "1-0"]
[WhiteTitle "CM"]
[BlackTitle "WCM"]
[WhiteElo "2211"]
[BlackElo "1810"]
[WhiteFideId "55628494"]
[BlackFideId "13817329"]
[EventDate "2025.05.27"]

1. e4 c5 2. Nf3 d6 3. Bb5+ Bd7 4. Bxd7+ Nxd7 5. O-O Ngf6 6. Qe2 e6 7. c3 Be7 8.
d4 cxd4 9. cxd4 O-O 10. Nc3 a6 11. a4 Qc7 12. Bf4 e5 13. Be3 Rfd8 14. Rac1 Qa5
15. Nd2 Rac8 16. d5 Qb4 17. Rc2 Nc5 18. Bxc5 Rxc5 19. Rfc1 Rdc8 20. g3 b5 21.
axb5 axb5 22. Ra1 Nd7 23. Ra7 R5c7 24. Na2 Rxc2 25. Nxb4 Bg5 26. Nxc2 Rxc2 27.
Rxd7 h6 28. Qxb5 Rxd2 29. Rxd6 Rd1+ 30. Kg2 Bc1 31. Qe8+ Kh7 32. Qxf7 Bxb2 33.
Rd7 Rg1+ 34. Kxg1 Kh8 35. Qxg7# 1-0

[Event "Titled Tue 27th May Early"]
[Site "chess.com INT"]
[Date "2025.05.27"]
[Round "5"]
[White "Gavarrete, Nahun"]
[Black "Teh, Wee Zhun"]
[Result "0-1"]
[WhiteTitle "FM"]
[BlackTitle "CM"]
[WhiteElo "2281"]
[BlackElo "2010"]
[WhiteFideId "8400709"]
[BlackFideId "5707277"]
[EventDate "2025.05.27"]

1. e4 c6 2. d4 d5 3. e5 c5 4. c3 Nc6 5. Nf3 cxd4 6. cxd4 Bg4 7. Be3 e6 8. Nc3
Nge7 9. Qb3 Bxf3 10. gxf3 Rb8 11. Rd1 Nf5 12. Bh3 Nxe3 13. fxe3 Qh4+ 14. Ke2
Qxh3 15. e4 Qg2+ 16. Ke3 Be7 17. h4 dxe4 18. Nxe4 Qg6 19. f4 Qf5 20. d5 exd5 21.
Qxd5 O-O 22. Qb5 Rfd8 23. Qe2 Bb4 24. a3 Ba5 25. Kf3 Bb6 26. Rxd8+ Rxd8 27. Qc4
Nd4+ 28. Ke3 Ne6+ 29. Ke2 Nxf4+ 30. Ke1 Ng2+ 31. Ke2 Nf4+ 32. Ke1 Nd3+ 33. Ke2
Qg4+ 34. Kd2 Nxe5+ 35. Kc2 Nxc4 36. Kb3 Qxe4 37. Ka2 Qc6 38. Rc1 Qb5 39. Rc2 Rd3
40. Kb1 Rb3 41. Kc1 Rxb2 42. Rxb2 Qxb2+ 43. Kd1 Qd2# 0-1

[Event "Titled Tue 27th May Early"]
[Site "chess.com INT"]
[Date "2025.05.27"]
[Round "5"]
[White "Boramanikar, Tanisha S"]
[Black "Luukkonen, Tommi"]
[Result "0-1"]
[WhiteTitle "WCM"]
[BlackTitle "FM"]
[WhiteElo "1743"]
[BlackElo "2250"]
[WhiteFideId "35023454"]
[BlackFideId "501808"]
[EventDate "2025.05.27"]

1. e4 c5 2. d4 cxd4 3. c3 dxc3 4. Nxc3 e6 5. Bc4 a6 6. Nf3 b5 7. Bb3 Bb7 8. O-O
Nc6 9. Qe2 Nge7 10. Rd1 Na5 11. Bc2 Ng6 12. a4 b4 13. Nb1 Be7 14. b3 O-O 15. Bb2
Rc8 16. Ne5 Nxe5 17. Bxe5 Bf6 18. Bxf6 Qxf6 19. e5 Qg5 20. Be4 Bxe4 21. Qxe4
Nxb3 22. Ra2 Nc5 23. Qxb4 Qxe5 24. Nd2 Nd3 25. Qb7 Rc1 26. Rf1 Qe2 27. Rxc1 Nxc1
28. Rb2 Qe1+ 29. Nf1 Ne2+ 30. Rxe2 Qxe2 31. Qxd7 g6 32. h3 Rb8 33. Qd6 Rb1 34.
Qd8+ Kg7 35. Qd4+ e5 0-1